Об изменении и дополнении ст. 146 Самомочного Кодекса СССР

Доступно только в Электронных читальных залах Найти на картеНа карте
RUSMARC
00004188nac2a22002893x 450
0015f56fd7b-c4c1-4dfb-b635-54c23652e3f8
00520230718183610.0
100##$a20230613l19291929k y0rusy50 ca
1010#$arus
102##$aRU
105##$ay z |||||
1222#$ad19291003
$ad19291121
2001#$aОб изменении и дополнении ст. 146 Самомочного Кодекса СССР
$j03.10.1929 - 21.11.1929
215##$a21 лист
$d36,7 х 21
251##$cДело
300##$aЗаголовок дела на папке: Об изменении и дополнении ст. 146 Таможенного Кодекса СССР
300##$aНа папке дела: 3 сентября 1929 г. - 24 ноября 1929 г.
300##$aВ деле обратная нумерация
300##$aЧасть текста машинописная и рукописная, часть - напечатана типографским способом
324##$aВ деле имеются копии отдельных документов
461#0$1001796d4672-8a00-4986-b488-6e42273792cc
$12001
$aЦЕНТРАЛЬНЫЙ ИСПОЛНИТЕЛЬНЫЙ КОМИТЕТ СССР (ЦИК СССР).
$1251
$cФонд
$1852
$gР
$j3316
462#0$10016e6e8ba4-e15f-4ad4-8937-f1e88c150bfe
$12001
$aДела Секретариата Президиума ЦИК Союза ССР. 1929 г.
$vД. 467
$1251
$cОпись
$1852
$j22
5171#$aОб изменении и дополнении ст. 146 Таможенного Кодекса СССР
60101$3RU\NLR\AUTH\880357276
$aСССР
$bЦИК
801#0$aRU
$bGA_RF
801#1$aRU
$bГлавНИВЦ
$c20230613
$2rusmarc
801#2$aRU
$bПБ им. Б.Н. Ельцина
$c20230718
$gRCR
$2rusmarc
852##$aГА РФ
$j467
937##$d186611082
$hГАРФ
035##$aRuPRLIB51072476
856##$uhttp://readingroom.main.prlib.ru/item.aspx?id_node=n186611082&mode=full
Формат отображения